000 00636nam a2200277Ia 4500
005 20260324142852.0
008 008 260324s9999 xx 000 0 eng d
020 _a9781315800868
037 _aEBOOK
040 _aCRL
040 _beng
040 _cCRL
041 _2eng
041 _aeng
084 _qCRL
100 _aLouis Diamant
_91213530
245 0 _aHomosexual Issues In The Workplace
260 _bTaylor and Francis
260 _c1993
365 _a
365 _b195
856 _uhttp://www.taylorfrancis.com/books/9781315800868
942 _cEBOOK
999 _c1818250
_d1818250